Fußball Top 10 #7 (Vereine gegen die ManCity am häufigsten gewann) - Statistiken

Allgemein
  • Dieses Quiz wurde 92 mal gespielt
  • Das Durchschnittsergebnis liegt bei 7 aus 10
Antwortstatistiken
Platz Siege von City Gegner % Korrekt
10 50 FC Arsenal
91%
4 62 Tottenham Hotspur
89%
6 61 FC Chelsea
82%
2 70 FC Everton
73%
9 57 Manchster United
68%
1 71 Newcastle United
68%
3 70 Aston Villa
67%
5 61 WestHam United
65%
8 59 AFC Sunderland
37%
7 61 West Brom
15%
Keine übereinstimmenden Quizze gefunden
Verteilung der Resultate
Anzahl Personen mit jedem Resultat
Perzentil nach korrekt beantworteten Fragen
Ihre Resultats-Entwicklung
Sie haben dieses Quiz noch nicht gespielt